| 000 | 00449 a2200169 4500 | ||
|---|---|---|---|
| 003 | Nust | ||
| 005 | 20170207171638.0 | ||
| 040 | _cNust | ||
| 082 | _a005.1 | ||
| 100 | _aBashir, Maj Kashif (MSCS-06) | ||
| 245 |
_aDemand , Receipt and Inventory Management of Zonal Depot CSD Rawalpindi _cMaj Kashif Bashir |
||
| 260 |
_aMCS,NUST _bRawalpindi _c2001 |
||
| 300 | _aix, 118 p | ||
| 538 | _aAlmirah No 73 Shelf No 2 | ||
| 650 | _aPG Thesis | ||
| 651 | _aMSCS-06 | ||
| 942 | _cTHS | ||
| 999 |
_c218032 _d218032 |
||